| 000 | 00804nam a2200289Ia 4500 | ||
|---|---|---|---|
| 003 | OSt | ||
| 005 | 20221006142438.0 | ||
| 006 | a|||||r|||| 00| 0 | ||
| 007 | ta | ||
| 008 | 221006b |||||||| |||| 00| 0 eng d | ||
| 020 |
_a0023252200 _c1614.09 |
||
| 024 | _a6,370 | ||
| 037 | _cTextual | ||
| 040 |
_aEASL _cEASL _beng |
||
| 041 |
_2eng _aeng |
||
| 082 | _aY, M2 | ||
| 100 |
_aCOSER Lewis A Ed. _914889 |
||
| 245 | 0 |
_aSociological theory _b A book of readings |
|
| 260 |
_aNew York _bMacmillan Pub. _c1982 |
||
| 300 |
_a602p. _ccm. |
||
| 490 | _v CEL | ||
| 650 |
_a Sociology addresses essays lectures _9647734 |
||
| 650 | _aCEL | ||
| 700 |
_a ROSEBERG Bernard Ed. _9647735 |
||
| 942 |
_hY, M2 _cTEXL _2CC |
||
| 999 |
_c1074456 _d1074456 |
||